000 01104cam a2200301 a 4500
001 3549
003 BD-RjUL
005 20211208233741.0
008 131219s1991 enkab b 001 0 eng
020 _a0582089522
020 _a0470217987
035 _a(BD-RjUL)3583
040 _aDLC
_cDLC
_dDLC
_dBD-RjUL
_beng
041 _aeng
082 0 0 _a333.30285
_220
_bLAL 1991
100 1 _aLarsson, Gerhard,
_d1920-
_911208
245 1 0 _aLand registration and cadastral systems :
_btools for land information and management /
_cGerhard Larsson.
260 _aHarlow, Essex, England :
_bLongman Scientific and Technical ;
_aNew York :
_bWiley,
_c1991.
300 _axi, 175 p. :
_bill., maps ;
_c24 cm.
504 _aIncludes bibliographical references (p. 168-172) and index.
650 0 _aLand use
_xData processing.
_911209
650 0 _aLand titles
_xRegistration and transfer
_xData processing.
_911210
650 0 _aCadastres
_xData processing.
_911211
650 0 _aInformation storage and retrieval systems
_xLand use.
_911212
942 _2ddc
_cBK
999 _c3549
_d3549